000 00380nam a22001097a 4500
082 _a080/SHA
100 _aशर्मा ,रॉबिन
_978703
245 _aमहानता का मार्गदर्शक
260 _aइंडिया
_bजयको पब्लिकैशन हाउस
_c2017
650 _aसामान्य वर्ग
942 _cHIN
999 _c67763
_d67763